Statistics for K ile Başlayan Ülkeler

Click here to take the quiz!

General Stats

  • This quiz has been taken 956 times
  • The average score is 9 of 18

Answer Stats

Ülke% Correct
Kazakistan
75%
Kırgızistan
69%
Kanada
68%
Kamboçya
62%
Kenya
60%
Kolombiya
57%
Kamerun
53%
Kuzey Kore
51%
Katar
49%
Kongo Cumhuriyeti
44%
Kosova
43%
Karadağ
42%
Kıbrıs
40%
Kiribati
36%
Kosta Rika
36%
Küba
30%
Komorlar
26%
Kuzey Makedonya
26%

Score Distribution

Percentile by Number Answered

Percent of People with Each Score

Your Score History

You have not taken this quiz